000 00778cab a2200241 4500
001 ABS49328
008 090401t1993 xxu||||| |||| 00| 0 eng d
035 _a(Sirsi) u70928
041 _aeng
100 _aBrett, M.
245 _aClosing all the loopholes
260 _c1993
350 _a0
490 _aEstates Gazette
_v(9337) 18 September 1993, 61(1)
520 _aBriefly comments on how the adoption of the Accounting Standards Board "FRS3" standard will affect the presentation of profit and loss accounts in presentation of company assets.
650 _aACCOUNTING STANDARDS
650 _aASSET VALUATION
650 _aFRS3
650 _aPROFIT & LOSS ACCOUNTS
690 _aPROPERTY-PROPERTY FINANCE AND INVESTMENT
942 _n0
948 _c04/03/1997
999 _c44685
_d44685